00587nam a2200169Ia 4500003000900000008004100009020001800050040001600068080001900084100002000103245014900123260004400272300001000316490004000326650003200366700001900398IN-BaIIA211028s9999 xx 000 0 eng d a3-7186-4916-0 cIIA Library a047.1:524bVOR aVorontsov, S.V. 0aAstrophysics and spacephysics reviewsbvol. 7, pt. 1, helioseismologycS. V. Vorontsov and V. N. Zharkov  aU.K.bHarwood Academic Publishersc1989 a104p. aSoviet Scientific Reviews/Section E aAstrophysics, Space physics aZharkov, V. N.